[Event "ESP-chT 2nd Division 2019"]
[Site "Linares"]
[Date "2019.08.22"]
[Round "6.5"]
[White "Sosa Suarez, Carla Cristina"]
[Black "Guillo Longares, Cecilia"]
[Result "1/2-1/2"]
[WhiteElo "2135"]
[BlackElo "1916"]
[Annotator "NA"]
[PlyCount "69"]
[EventDate "2019.08.19"]
[EventType "team-tourn"]
[EventCountry "ESP"]
[SourceTitle "playchess.com"]
[Source "ChessBase"]
[SourceQuality "1"]
[TimeControl "5400+30"]

1. e4 {[%emt 0:00:00]} c5 {[%emt 0:00:00]} 2. Nf3 {[%emt 0:00:00]} Nc6 {[%emt 0:00:00]} 3. d4 {[%emt 0:00:00]} cxd4 {[%emt 0:00:00]} 4. Nxd4 {[%emt 0:00:00]} g6 {[%emt 0:00:00]} 5. c4 {[%emt 0:00:09]} Nf6 {[%emt 0:00:00]} 6. Nc3 {[%emt 0:00:09]} Nxd4 {[%emt 0:00:00]} 7. Qxd4 {[%emt 0:00:05]} d6 {[%emt 0:00:01]} 8. Be2 {[%emt 0:00:50]} Bg7 {[%emt 0:00:05]} 9. Be3 {[%emt 0:00:23]} O-O {[%emt 0:00:07]} 10. Qd2 {[%emt 0:00:28]} a5 {[%emt 0:00:05]} 11. O-O {[%emt 0:00:07]} a4 {[%emt 0:00:04]} 12. Bd4 {[%emt 0:00:49]} Qa5 {[%emt 0:01:05]} 13. Rad1 {[%emt 0:00:11]} Bd7 {[%emt 0:01:51]} 14. c5 {[%emt 0:05:20]} Bc6 {[%emt 0:00:53]} 15. cxd6 {[%emt 0:01:09]} exd6 {[%emt 0:08:28]} 16. Qf4 {[%emt 0:02:34]} Ne8 {[%emt 0:07:41]} 17. Nd5 {[%emt 0:04:18]} Bxd5 {[%emt 0:03:47]} 18. Bxg7 {[%emt 0:01:40]} Kxg7 {[%emt 0:00:48]} 19. Rxd5 {[%emt 0:00:49]} Qc7 {[%emt 0:02:12]} 20. Rc1 {[%emt 0:04:02]} Qe7 {[%emt 0:00:16]} 21. Bd3 {[%emt 0:02:21]} Nf6 {[%emt 0:02:56]} 22. Rd4 {[%emt 0:02:23]} Qe5 {[%emt 0:04:39]} 23. Qxe5 {[%emt 0:04:02]} dxe5 {[%emt 0:00:10]} 24. Rb4 {[%emt 0:03:33]} Rfd8 {[%emt 0:02:30]} 25. Rc3 {[%emt 0:08:18]} Rd7 {[%emt 0:08:28]} 26. Kf1 {[%emt 0:01:03]} Rad8 {[%emt 0:02:17]} 27. Ke2 {[%emt 0:01:28]} Rd4 {[%emt 0:12:00]} 28. Rxb7 {[%emt 0:03:30]} Nxe4 {[%emt 0:00:11]} 29. Bxe4 {[%emt 0:00:50]} Rxe4+ {[%emt 0:00:06]} 30. Re3 {[%emt 0:01:01]} Red4 {[%emt 0:18:00]} 31. Rxe5 {[%emt 0:09:05]} Rd2+ {[%emt 0:01:56]} 32. Kf3 {[%emt 0:07:49]} a3 {[%emt 0:00:43]} 33. bxa3 {[%emt 0:04:31]} Rxa2 {[%emt 0:00:20]} 34. Ree7 {[%emt 0:01:10]} Rxa3+ {[%emt 0:00:07]} 35. Ke2 {[%emt 0:00:38]} 1/2-1/2

[Event "ESP-chT 2nd Division 2019"]
[Site "Linares"]
[Date "2019.08.22"]
[Round "6.6"]
[White "Ayats Llobera, Gerard"]
[Black "Suarez Gomez, Julio"]
[Result "1/2-1/2"]
[WhiteElo "2377"]
[BlackElo "2433"]
[Annotator "NA"]
[PlyCount "44"]
[EventDate "2019.08.19"]
[EventType "team-tourn"]
[EventCountry "ESP"]
[SourceTitle "playchess.com"]
[Source "ChessBase"]
[SourceQuality "1"]
[TimeControl "5400+30"]

1. e4 {[%emt 0:01:01]} e6 {[%emt 0:00:00]} 2. d3 {[%emt 0:00:26]} d5 {[%emt 0:00:23]} 3. Qe2 {[%emt 0:00:07]} Ne7 {[%emt 0:02:18]} 4. Nf3 {[%emt 0:01:27]} c5 {[%emt 0:00:11]} 5. g3 {[%emt 0:03:17]} Nbc6 {[%emt 0:00:40]} 6. Bg2 {[%emt 0:01:15]} g6 {[%emt 0:00:12]} 7. h4 {[%emt 0:00:23]} h6 {[%emt 0:01:20]} 8. O-O {[%emt 0:02:41]} Bg7 {[%emt 0:00:18]} 9. e5 {[%emt 0:00:27]} O-O {[%emt 0:03:33]} 10. Nbd2 {[%emt 0:01:41]} Nf5 {[%emt 0:06:12]} 11. Nb3 {[%emt 0:08:01]} b6 {[%emt 0:00:36]} 12. Bf4 {[%emt 0:00:16]} a5 {[%emt 0:03:24]} 13. a4 {[%emt 0:01:00]} Ba6 {[%emt 0:03:28]} 14. Qd2 {[%emt 0:06:17]} Kh7 {[%emt 0:06:43]} 15. Rfe1 {[%emt 0:01:30]} Rc8 {[%emt 0:00:41]} 16. c3 {[%emt 0:13:21]} Qe7 {[%emt 0:10:55]} 17. Bh3 {[%emt 0:16:19]} Qd8 {[%emt 0:18:10]} 18. Bg2 {[%emt 0:00:31]} Qe7 {[%emt 0:00:04]} 19. Bh3 {[%emt 0:00:04]} Qd8 {[%emt 0:00:04]} 20. Bg2 {[%emt 0:00:04]} Qe7 21. Bh3 Rfd8 22. h5 g5 1/2-1/2

[Event "ESP-chT 2nd Division 2019"]
[Site "Linares"]
[Date "2019.08.22"]
[Round "6.7"]
[White "Reinaldo Castineira, Roi"]
[Black "Martin Gonzalez, Angel"]
[Result "1-0"]
[WhiteElo "2467"]
[BlackElo "2334"]
[Annotator "ChessBase"]
[PlyCount "116"]
[EventDate "2019.08.19"]
[EventType "team-tourn"]
[EventCountry "ESP"]
[SourceTitle "playchess.com"]
[Source "ChessBase"]
[SourceQuality "1"]
[TimeControl "5400+30"]

1. e4 {[%emt 0:00:00]} c5 {[%emt 0:00:00]} 2. Nc3 {[%emt 0:00:14]} Nc6 {[%emt 0:00:00]} 3. Bb5 {[%emt 0:00:11]} Nd4 {[%emt 0:02:52]} 4. Bc4 {[%emt 0:00:07]} g6 {[%emt 0:00:05]} 5. Nf3 {[%emt 0:00:06]} Bg7 {[%emt 0:00:09]} 6. Nxd4 {[%emt 0:00:14]} cxd4 {[%emt 0:00:08]} 7. Qf3 {[%emt 0:00:06]} e6 {[%emt 0:00:15]} 8. Nb5 {[%emt 0:02:01]} d5 {[%emt 0:00:06]} 9. exd5 {[%emt 0:02:20]} a6 {[%emt 0:00:01]} 10. dxe6 {[%emt 0:03:33]} fxe6 {[%emt 0:00:07]} 11. Na3 {[%emt 0:00:14]} Nf6 {[%emt 0:00:25]} 12. d3 {[%emt 0:23:37]} O-O {[%emt 0:00:30]} 13. Bb3 {[%emt 0:00:08]} Nd5 {[%emt 0:15:29]} 14. Qg3 {[%emt 0:05:25]} Rf5 {[%emt 0:06:54]} 15. O-O {[%emt 0:15:24]} b5 {[%emt 0:03:15]} 16. Bd2 {[%emt 0:00:05]} Be5 {[%emt 0:14:15]} 17. f4 {[%emt 0:06:33]} Bd6 {[%emt 0:00:21]} 18. Rae1 {[%emt 0:00:50]} Qc7 {[%emt 0:09:07]} 19. Re4 {[%emt 0:10:27]} Bd7 {[%emt 0:04:33]} 20. Qf3 {[%emt 0:01:16]} Raf8 {[%emt 0:02:39]} 21. g3 {[%emt 0:00:47]} a5 {[%emt 0:00:30]} 22. Nxb5 {[%emt 0:13:06]} Bxb5 {[%emt 0:00:20]} 23. Rxe6 {[%emt 0:00:04]} Bc6 {[%emt 0:01:27]} 24. g4 {[%emt 0:00:05]} a4 {[%emt 0:00:39]} 25. Bc4 {[%emt 0:03:03]} Nb6 {[%emt 0:03:26]} 26. Qxc6 {[%emt 0:00:55]} Qxc6 {[%emt 0:01:46]} 27. Rxd6+ {[%emt 0:00:05]} Nxc4 {[%emt 0:02:03]} 28. Rxc6 {[%emt 0:00:02]} Nxd2 {[%emt 0:00:02]} 29. gxf5 {[%emt 0:00:09]} Nxf1 {[%emt 0:00:06]} 30. Kxf1 {[%emt 0:00:03]} Rxf5 {[%emt 0:00:03]} 31. Rc4 {[%emt 0:00:09]} Rxf4+ {[%emt 0:00:17]} 32. Kg2 {[%emt 0:00:14]} a3 {[%emt 0:01:07]} 33. bxa3 {[%emt 0:00:12]} Kf7 {[%emt 0:00:08]} 34. c3 {[%emt 0:01:44]} Ke6 {[%emt 0:01:38]} 35. Rxd4 {[%emt 0:00:13]} Rf7 {[%emt 0:02:09]} 36. a4 {[%emt 0:00:06]} Rc7 {[%emt 0:00:23]} 37. Rc4 {[%emt 0:00:18]} Rd7 {[%emt 0:01:27]} 38. d4 {[%emt 0:00:10]} Kd5 {[%emt 0:04:34]} 39. Rc5+ {[%emt 0:00:06]} Ke4 {[%emt 0:00:05]} 40. a5 {[%emt 0:00:14]} Rb7 {[%emt 0:00:14]} 41. d5 {[%emt 0:03:12]} Ke5 {[%emt 0:04:13]} 42. c4 {[%emt 0:06:39]} Rb2+ {[%emt 0:00:12]} 43. Kg3 {[%emt 0:00:05]} Rxa2 {[%emt 0:00:11]} 44. h4 {[%emt 0:01:06]} Ra1 {[%emt 0:01:58]} 45. Rc6 {[%emt 0:01:45]} Rxa5 {[%emt 0:00:15]} 46. d6 {[%emt 0:00:04]} Ra3+ {[%emt 0:06:53]} 47. Kg4 {[%emt 0:01:14]} Rd3 {[%emt 0:01:32]} 48. c5 {[%emt 0:00:33]} Ke6 {[%emt 0:01:36]} 49. Rc7 {[%emt 0:00:26]} Rd5 {[%emt 0:00:58]} 50. Kf4 {[%emt 0:00:51]} Rd4+ {[%emt 0:02:40]} 51. Ke3 {[%emt 0:00:32]} Rd5 {[%emt 0:01:31]} 52. Ke4 {[%emt 0:00:35]} Rd1 {[%emt 0:00:36]} 53. Re7+ {[%emt 0:00:29]} Kf6 {[%emt 0:00:01]} 54. Rxh7 {[%emt 0:00:09]} Ke6 {[%emt 0:00:33]} 55. Re7+ {[%emt 0:00:18]} Kf6 {[%emt 0:00:07]} 56. Rc7 {[%emt 0:00:06]} Ke6 {[%emt 0:00:01]} 57. d7 {[%emt 0:01:18]} Rxd7 {[%emt 0:00:25]} 58. Rxd7 {[%emt 0:00:05]} Kxd7 {[%emt 0:00:08]} 1-0

[Event "ESP-chT 2nd Division 2019"]
[Site "Linares"]
[Date "2019.08.22"]
[Round "6.8"]
[White "Jimenez Ruano, Adrian"]
[Black "Laiz Ibanez, Hector"]
[Result "1-0"]
[WhiteElo "2278"]
[BlackElo "2274"]
[Annotator "NA"]
[PlyCount "101"]
[EventDate "2019.08.19"]
[EventType "team-tourn"]
[EventCountry "ESP"]
[SourceTitle "playchess.com"]
[Source "ChessBase"]
[SourceQuality "1"]
[TimeControl "5400+30"]

1. d4 {[%emt 0:00:03]} Nf6 {[%emt 0:00:00]} 2. c4 {[%emt 0:00:32]} e6 {[%emt 0:00:00]} 3. Nc3 {[%emt 0:00:48]} Bb4 {[%emt 0:00:00]} 4. e3 {[%emt 0:00:05]} O-O {[%emt 0:00:00]} 5. Bd3 {[%emt 0:00:02]} d5 {[%emt 0:00:05]} 6. cxd5 {[%emt 0:00:04]} exd5 {[%emt 0:00:06]} 7. Nge2 {[%emt 0:00:10]} Re8 {[%emt 0:00:12]} 8. Bd2 {[%emt 0:00:08]} Bd6 {[%emt 0:00:10]} 9. Rc1 {[%emt 0:00:04]} a6 {[%emt 0:07:07]} 10. O-O {[%emt 0:00:10]} Nbd7 {[%emt 0:00:11]} 11. Ng3 {[%emt 0:11:27]} c6 {[%emt 0:05:35]} 12. Qc2 {[%emt 0:09:03]} Nf8 {[%emt 0:06:05]} 13. f3 {[%emt 0:13:04]} c5 {[%emt 0:10:00]} 14. Nce2 {[%emt 0:02:53]} c4 {[%emt 0:09:07]} 15. Bf5 {[%emt 0:00:14]} b5 {[%emt 0:04:07]} 16. Kh1 {[%emt 0:06:28]} Bxf5 {[%emt 0:19:30]} 17. Nxf5 {[%emt 0:01:11]} Bc7 {[%emt 0:00:50]} 18. g4 {[%emt 0:08:40]} a5 {[%emt 0:01:57]} 19. Neg3 {[%emt 0:07:03]} Ne6 {[%emt 0:05:51]} 20. g5 {[%emt 0:05:49]} Nd7 {[%emt 0:04:49]} 21. f4 {[%emt 0:01:54]} Ra6 {[%emt 0:02:06]} 22. Rf3 {[%emt 0:04:23]} Bd6 {[%emt 0:07:21]} 23. Rg1 {[%emt 0:11:01]} Bf8 {[%emt 0:00:32]} 24. Nh5 {[%emt 0:03:42]} g6 {[%emt 0:00:36]} 25. Rh3 {[%emt 0:00:49]} Nc7 {[%emt 0:05:16]} 26. Qd1 {[%emt 0:01:21]} Kh8 {[%emt 0:02:49]} 27. Nhg3 {[%emt 0:02:33]} gxf5 {[%emt 0:05:15]} 28. Qh5 {[%emt 0:00:16]} h6 {[%emt 0:00:04]} 29. Nxf5 {[%emt 0:01:53]} Ree6 {[%emt 0:01:54]} 30. Nxh6 {[%emt 0:00:43]} Bxh6 {[%emt 0:02:36]} 31. f5 {[%emt 0:00:01]} Rec6 {[%emt 0:00:42]} 32. g6 {[%emt 0:00:13]} Qf8 {[%emt 0:00:25]} 33. gxf7 {[%emt 0:06:05]} Rf6 {[%emt 0:00:12]} 34. Rg8+ {[%emt 0:01:12]} Qxg8 {[%emt 0:00:14]} 35. fxg8=Q+ {[%emt 0:00:07]} Kxg8 {[%emt 0:00:03]} 36. Rg3+ {[%emt 0:01:03]} Bg7 {[%emt 0:00:30]} 37. Qg4 {[%emt 0:00:34]} Rf7 {[%emt 0:00:43]} 38. Qh4 {[%emt 0:01:41]} Nf6 {[%emt 0:00:10]} 39. a3 {[%emt 0:01:10]} Nce8 {[%emt 0:00:23]} 40. Rg6 {[%emt 0:00:18]} Nd6 {[%emt 0:00:25]} 41. Qf4 {[%emt 0:00:44]} Nfe4 {[%emt 0:01:11]} 42. Bc3 {[%emt 0:00:35]} Rxf5 {[%emt 0:00:57]} 43. Qh4 {[%emt 0:00:27]} Kf7 {[%emt 0:00:35]} 44. Qh7 {[%emt 0:00:15]} Rf1+ {[%emt 0:00:46]} 45. Kg2 {[%emt 0:00:00]} Rf2+ {[%emt 0:00:27]} 46. Kg1 {[%emt 0:00:01]} Nf5 {[%emt 0:00:30]} 47. Rxa6 {[%emt 0:00:23]} Nxe3 {[%emt 0:00:15]} 48. Qg6+ {[%emt 0:00:54]} Kg8 {[%emt 0:00:25]} 49. Ra8+ {[%emt 0:00:02]} Rf8 {[%emt 0:00:05]} 50. Qe6+ {[%emt 0:00:09]} Kh7 {[%emt 0:00:29]} 51. Qh3+ {[%emt 0:00:10]} 1-0

[Event "ESP-chT 2nd Division 2019"]
[Site "Linares"]
[Date "2019.08.22"]
[Round "6.9"]
[White "Abal Cores, Lucas"]
[Black "Sanchez Lopez, Juan Manuel"]
[Result "1/2-1/2"]
[WhiteElo "2290"]
[BlackElo "2084"]
[Annotator "NA"]
[PlyCount "96"]
[EventDate "2019.08.19"]
[EventType "team-tourn"]
[EventCountry "ESP"]
[SourceTitle "playchess.com"]
[Source "ChessBase"]
[SourceQuality "1"]
[TimeControl "5400+30"]

1. e4 {[%emt 0:00:00]} c5 {[%emt 0:00:00]} 2. c3 {[%emt 0:00:00]} e5 {[%emt 0:00:21]} 3. Nf3 {[%emt 0:01:31]} Nc6 {[%emt 0:00:10]} 4. Bb5 {[%emt 0:04:04]} Nge7 {[%emt 0:01:31]} 5. Na3 {[%emt 0:08:22]} a6 {[%emt 0:03:35]} 6. Nc4 {[%emt 0:08:33]} d6 {[%emt 0:04:38]} 7. Bxc6+ {[%emt 0:00:05]} Nxc6 {[%emt 0:03:33]} 8. O-O {[%emt 0:06:20]} Be7 {[%emt 0:03:26]} 9. d4 {[%emt 0:03:40]} exd4 {[%emt 0:03:14]} 10. cxd4 {[%emt 0:00:12]} Bg4 {[%emt 0:03:29]} 11. d5 {[%emt 0:05:40]} Nd4 {[%emt 0:04:59]} 12. Ncd2 {[%emt 0:00:06]} O-O {[%emt 0:03:59]} 13. h3 {[%emt 0:00:13]} Nxf3+ {[%emt 0:02:12]} 14. Nxf3 {[%emt 0:00:02]} Bxf3 {[%emt 0:00:16]} 15. Qxf3 {[%emt 0:00:11]} Bf6 {[%emt 0:00:08]} 16. Qb3 {[%emt 0:06:41]} Re8 {[%emt 0:01:59]} 17. Re1 {[%emt 0:02:17]} Bd4 {[%emt 0:08:50]} 18. Bf4 {[%emt 0:08:30]} Qf6 {[%emt 0:03:44]} 19. Bg3 {[%emt 0:00:08]} b5 {[%emt 0:01:16]} 20. Re2 {[%emt 0:00:11]} c4 {[%emt 0:04:34]} 21. Qc2 {[%emt 0:00:41]} Rac8 {[%emt 0:01:05]} 22. Rf1 {[%emt 0:04:34]} Qg6 {[%emt 0:01:12]} 23. Kh2 {[%emt 0:00:23]} h5 {[%emt 0:02:07]} 24. f4 {[%emt 0:03:04]} Qf6 {[%emt 0:02:16]} 25. Rf3 {[%emt 0:01:46]} h4 {[%emt 0:01:45]} 26. Be1 {[%emt 0:00:28]} Rc7 {[%emt 0:13:16]} 27. Bc3 {[%emt 0:11:26]} Bxc3 {[%emt 0:01:48]} 28. Qxc3 {[%emt 0:00:12]} Qxc3 {[%emt 0:01:04]} 29. bxc3 {[%emt 0:00:06]} Rc5 {[%emt 0:01:29]} 30. Rfe3 {[%emt 0:02:08]} f5 {[%emt 0:01:54]} 31. Kg1 {[%emt 0:00:01]} fxe4 {[%emt 0:02:18]} 32. Rd2 {[%emt 0:00:05]} Kf7 {[%emt 0:00:29]} 33. Kf2 {[%emt 0:00:25]} Kf6 {[%emt 0:01:50]} 34. g4 {[%emt 0:00:43]} g5 {[%emt 0:02:55]} 35. f5 {[%emt 0:00:20]} Re5 {[%emt 0:04:01]} 36. Ke2 {[%emt 0:01:26]} Rc8 {[%emt 0:03:18]} 37. Rd4 {[%emt 0:00:35]} Rc5 {[%emt 0:01:23]} 38. Rd2 {[%emt 0:01:12]} a5 {[%emt 0:02:24]} 39. a3 {[%emt 0:00:06]} Rcxd5 {[%emt 0:00:05]} 40. Rxd5 {[%emt 0:00:12]} Rxd5 {[%emt 0:00:04]} 41. Rxe4 {[%emt 0:00:06]} Rd3 {[%emt 0:02:44]} 42. Re3 {[%emt 0:00:01]} Rd5 {[%emt 0:00:54]} 43. Re4 {[%emt 0:00:11]} Kf7 {[%emt 0:01:54]} 44. Re3 {[%emt 0:00:59]} Rc5 {[%emt 0:00:34]} 45. Re6 {[%emt 0:00:41]} Rd5 {[%emt 0:02:56]} 46. Re3 {[%emt 0:00:05]} Rc5 {[%emt 0:00:46]} 47. Re6 {[%emt 0:00:20]} Rd5 {[%emt 0:00:21]} 48. Re3 {[%emt 0:00:09]} Kf6 {[%emt 0:00:09]} 1/2-1/2

[Event "ESP-chT 2nd Division 2019"]
[Site "Linares"]
[Date "2019.08.22"]
[Round "6.10"]
[White "Catalan Gasque, Noelia"]
[Black "Dorado Meijide, Andrea"]
[Result "0-1"]
[WhiteElo "1789"]
[BlackElo "1762"]
[Annotator "NA"]
[PlyCount "106"]
[EventDate "2019.08.19"]
[EventType "team-tourn"]
[EventCountry "ESP"]
[SourceTitle "playchess.com"]
[Source "ChessBase"]
[SourceQuality "1"]
[TimeControl "5400+30"]

1. d4 {[%emt 0:00:00]} Nf6 {[%emt 0:00:00]} 2. Nf3 {[%emt 0:00:00]} e6 {[%emt 0:00:04]} 3. c4 {[%emt 0:00:36]} Bb4+ {[%emt 0:00:38]} 4. Bd2 {[%emt 0:02:14]} Bxd2+ {[%emt 0:02:45]} 5. Nbxd2 {[%emt 0:00:23]} d6 {[%emt 0:00:29]} 6. e3 {[%emt 0:05:00]} Nbd7 {[%emt 0:01:22]} 7. Be2 {[%emt 0:06:14]} O-O {[%emt 0:02:16]} 8. O-O {[%emt 0:00:12]} Re8 {[%emt 0:02:21]} 9. Qc2 {[%emt 0:02:49]} Qe7 {[%emt 0:03:30]} 10. e4 {[%emt 0:04:47]} e5 {[%emt 0:00:19]} 11. d5 {[%emt 0:01:36]} Nh5 {[%emt 0:04:49]} 12. g3 {[%emt 0:00:44]} Nf8 {[%emt 0:01:36]} 13. Nh4 {[%emt 0:02:20]} Nf4 {[%emt 0:07:07]} 14. gxf4 {[%emt 0:13:07]} Qxh4 {[%emt 0:00:52]} 15. f5 {[%emt 0:00:12]} Nd7 {[%emt 0:12:09]} 16. Kh1 {[%emt 0:01:57]} Nf6 {[%emt 0:00:47]} 17. f3 {[%emt 0:07:07]} Nh5 {[%emt 0:02:46]} 18. Rg1 {[%emt 0:00:11]} Nf4 {[%emt 0:01:01]} 19. Nf1 {[%emt 0:02:35]} Nh3 {[%emt 0:07:08]} 20. Rg3 {[%emt 0:02:34]} Qh6 {[%emt 0:06:35]} 21. Qc3 {[%emt 0:04:57]} Nf4 {[%emt 0:01:37]} 22. Re1 {[%emt 0:02:40]} g6 {[%emt 0:05:25]} 23. Ne3 {[%emt 0:04:45]} Kh8 {[%emt 0:02:16]} 24. Ng4 {[%emt 0:05:03]} Qh4 {[%emt 0:00:30]} 25. fxg6 {[%emt 0:04:27]} hxg6 {[%emt 0:02:00]} 26. Ne3 {[%emt 0:06:14]} Kg7 {[%emt 0:03:02]} 27. Ng2 {[%emt 0:00:24]} Nxg2 {[%emt 0:01:27]} 28. Kxg2 {[%emt 0:01:20]} Rh8 {[%emt 0:00:10]} 29. Rh1 {[%emt 0:00:20]} Bh3+ {[%emt 0:00:41]} 30. Kg1 {[%emt 0:02:17]} Rh6 {[%emt 0:01:22]} 31. Qe3 {[%emt 0:00:43]} Rah8 {[%emt 0:00:56]} 32. Qg5 {[%emt 0:01:33]} Qf4 {[%emt 0:00:19]} 33. Kf2 {[%emt 0:01:14]} Qxg5 {[%emt 0:03:32]} 34. Rxg5 {[%emt 0:00:07]} f6 {[%emt 0:00:19]} 35. Rgg1 {[%emt 0:01:40]} Kf7 {[%emt 0:00:31]} 36. b4 {[%emt 0:01:53]} Bd7 {[%emt 0:00:43]} 37. Kg3 {[%emt 0:01:52]} f5 {[%emt 0:00:42]} 38. Bf1 {[%emt 0:02:34]} f4+ {[%emt 0:01:50]} 39. Kf2 {[%emt 0:01:42]} Rxh2+ {[%emt 0:00:07]} 40. Rxh2 {[%emt 0:00:03]} Rxh2+ {[%emt 0:00:06]} 41. Rg2 {[%emt 0:00:25]} Rxg2+ {[%emt 0:00:15]} 42. Kxg2 {[%emt 0:00:28]} b6 {[%emt 0:00:10]} 43. Bd3 {[%emt 0:00:52]} g5 {[%emt 0:00:26]} 44. Bc2 {[%emt 0:01:27]} g4 {[%emt 0:00:16]} 45. Kf2 {[%emt 0:00:48]} g3+ {[%emt 0:00:37]} 46. Kg2 {[%emt 0:00:16]} Kg6 {[%emt 0:00:34]} 47. a3 {[%emt 0:01:31]} Kh5 {[%emt 0:00:06]} 48. b5 {[%emt 0:00:46]} Kh4 {[%emt 0:00:16]} 49. a4 {[%emt 0:00:31]} Bh3+ {[%emt 0:00:07]} 50. Kg1 {[%emt 0:00:27]} g2 {[%emt 0:00:37]} 51. Kh2 {[%emt 0:01:42]} g1=Q+ {[%emt 0:00:07]} 52. Kxg1 {[%emt 0:00:07]} Kg3 {[%emt 0:00:04]} 53. Bd1 {[%emt 0:00:40]} Bg2 {[%emt 0:00:06]} 0-1

[Event "ESP-chT 2nd Division 2019"]
[Site "Linares"]
[Date "2019.08.22"]
[Round "6.11"]
[White "Rios, Cristhian Camilo"]
[Black "Fernandez Barrera, Victor"]
[Result "1/2-1/2"]
[WhiteElo "2530"]
[BlackElo "2301"]
[Annotator "ChessBase"]
[PlyCount "90"]
[EventDate "2019.08.19"]
[EventType "team-tourn"]
[EventCountry "ESP"]
[SourceTitle "playchess.com"]
[Source "ChessBase"]
[SourceQuality "1"]
[TimeControl "5400+30"]

1. d4 {[%emt 0:00:00]} Nf6 {[%emt 0:00:00]} 2. c4 {[%emt 0:00:00]} e6 {[%emt 0:00:00]} 3. Nc3 {[%emt 0:00:00]} Bb4 {[%emt 0:00:02]} 4. Qc2 {[%emt 0:00:00]} O-O {[%emt 0:00:52]} 5. e4 {[%emt 0:00:00]} d5 {[%emt 0:00:33]} 6. e5 {[%emt 0:00:02]} Ne4 {[%emt 0:00:13]} 7. Bd3 {[%emt 0:00:07]} c5 {[%emt 0:00:39]} 8. a3 {[%emt 0:00:04]} Bxc3+ {[%emt 0:04:14]} 9. bxc3 {[%emt 0:00:10]} cxd4 {[%emt 0:22:09]} 10. cxd4 {[%emt 0:00:32]} Nc6 {[%emt 0:01:58]} 11. Ne2 {[%emt 0:01:11]} f6 {[%emt 0:07:58]} 12. Bxe4 {[%emt 0:07:42]} dxe4 {[%emt 0:00:26]} 13. exf6 {[%emt 0:02:35]} Qxf6 {[%emt 0:06:24]} 14. Be3 {[%emt 0:00:31]} e5 {[%emt 0:01:56]} 15. dxe5 {[%emt 0:17:05]} Nxe5 {[%emt 0:08:06]} 16. O-O {[%emt 0:00:09]} Qh4 {[%emt 0:08:03]} 17. Qd2 {[%emt 0:11:16]} Be6 {[%emt 0:02:56]} 18. Qd6 {[%emt 0:01:15]} Bxc4 {[%emt 0:06:12]} 19. Qxe5 {[%emt 0:00:15]} Bxe2 {[%emt 0:00:24]} 20. Rfc1 {[%emt 0:00:07]} Qg4 {[%emt 0:03:22]} 21. Rc7 {[%emt 0:05:38]} Rae8 {[%emt 0:04:17]} 22. Qd5+ {[%emt 0:02:33]} Kh8 {[%emt 0:01:59]} 23. Bd4 {[%emt 0:02:50]} Rg8 {[%emt 0:02:51]} 24. h3 {[%emt 0:01:08]} Qg6 {[%emt 0:02:11]} 25. Qxb7 {[%emt 0:00:49]} Bf3 {[%emt 0:00:37]} 26. g3 {[%emt 0:00:13]} h5 {[%emt 0:03:22]} 27. Rac1 {[%emt 0:00:39]} Rd8 {[%emt 0:02:54]} 28. R7c6 {[%emt 0:09:05]} Qg5 {[%emt 0:06:23]} 29. Qb5 {[%emt 0:04:46]} Qd2 {[%emt 0:01:43]} 30. Be3 {[%emt 0:01:03]} Qd7 {[%emt 0:00:20]} 31. Kh2 {[%emt 0:00:09]} Rgf8 {[%emt 0:01:16]} 32. Qb2 {[%emt 0:02:10]} Rc8 {[%emt 0:00:59]} 33. Rh6+ {[%emt 0:03:21]} Kg8 {[%emt 0:00:01]} 34. Rxc8 {[%emt 0:00:45]} Qxc8 {[%emt 0:00:45]} 35. Qb3+ {[%emt 0:00:40]} Rf7 {[%emt 0:00:03]} 36. Rd6 {[%emt 0:00:02]} Qb7 {[%emt 0:01:06]} 37. Qa2 {[%emt 0:04:38]} Kh7 {[%emt 0:00:08]} 38. Rd8 {[%emt 0:00:01]} h4 {[%emt 0:00:57]} 39. Bf4 {[%emt 0:00:45]} hxg3+ {[%emt 0:00:08]} 40. Bxg3 {[%emt 0:00:12]} Qe7 {[%emt 0:00:49]} 41. Rc8 {[%emt 0:01:57]} Qb7 {[%emt 0:00:00]} 42. Rd8 {[%emt 0:00:28]} Qe7 {[%emt 0:00:10]} 43. Rc8 {[%emt 0:01:20]} Qb7 {[%emt 0:00:01]} 44. Qc2 {[%emt 0:00:47]} Qa6 {[%emt 0:01:02]} 45. Qc4 {[%emt 0:03:18]} Qxc4 {[%emt 0:00:01]} 1/2-1/2

[Event "ESP-chT 2nd Division 2019"]
[Site "Linares"]
[Date "2019.08.22"]
[Round "6.12"]
[White "Buendia Pinar, Alvaro"]
[Black "Sosa, Tomas"]
[Result "1/2-1/2"]
[WhiteElo "2277"]
[BlackElo "2508"]
[Annotator "ChessBase"]
[PlyCount "60"]
[EventDate "2019.08.19"]
[EventType "team-tourn"]
[EventCountry "ESP"]
[SourceTitle "playchess.com"]
[Source "ChessBase"]
[SourceQuality "1"]
[TimeControl "5400+30"]

1. d4 {[%emt 0:00:03]} Nf6 {[%emt 0:00:00]} 2. c4 {[%emt 0:00:46]} e6 {[%emt 0:00:00]} 3. Nc3 {[%emt 0:01:03]} Bb4 {[%emt 0:02:00]} 4. e3 {[%emt 0:01:01]} d5 {[%emt 0:01:05]} 5. Bd3 {[%emt 0:01:07]} O-O {[%emt 0:02:43]} 6. Nge2 {[%emt 0:00:43]} b6 {[%emt 0:04:17]} 7. O-O {[%emt 0:01:36]} Bb7 {[%emt 0:00:26]} 8. Qc2 {[%emt 0:01:53]} a6 {[%emt 0:06:41]} 9. Rd1 Nbd7 {[%emt 0:22:24]} 10. e4 {[%emt 0:08:14]} dxe4 {[%emt 0:07:38]} 11. Nxe4 {[%emt 0:00:13]} Nxe4 {[%emt 0:00:04]} 12. Bxe4 {[%emt 0:00:07]} Bxe4 {[%emt 0:00:05]} 13. Qxe4 {[%emt 0:00:07]} Bd6 {[%emt 0:00:25]} 14. Nc3 {[%emt 0:02:22]} Qe7 {[%emt 0:02:01]} 15. Bf4 {[%emt 0:02:12]} Nf6 {[%emt 0:00:56]} 16. Bxd6 {[%emt 0:01:25]} Qxd6 {[%emt 0:07:08]} 17. Qe2 {[%emt 0:01:04]} Qb4 {[%emt 0:01:35]} 18. a3 {[%emt 0:03:05]} Qb3 {[%emt 0:01:04]} 19. Qd3 {[%emt 0:00:34]} Kh8 {[%emt 0:03:24]} 20. Ne2 {[%emt 0:00:48]} Qxd3 {[%emt 0:00:42]} 21. Rxd3 {[%emt 0:00:08]} Rfd8 {[%emt 0:00:03]} 22. Rad1 {[%emt 0:02:15]} Rab8 {[%emt 0:00:15]} 23. b4 {[%emt 0:01:59]} h6 {[%emt 0:00:44]} 24. f3 {[%emt 0:00:15]} g5 {[%emt 0:00:31]} 25. Kf2 {[%emt 0:01:23]} Kg7 {[%emt 0:00:31]} 26. Nc3 {[%emt 0:02:15]} b5 {[%emt 0:02:24]} 27. cxb5 {[%emt 0:00:27]} axb5 {[%emt 0:00:05]} 28. d5 {[%emt 0:01:10]} exd5 {[%emt 0:06:22]} 29. Nxd5 {[%emt 0:00:09]} Nxd5 {[%emt 0:00:40]} 30. Rxd5 {[%emt 0:00:06]} Rxd5 {[%emt 0:00:10]} 1/2-1/2